| 000 | 00462nam a22001817a 4500 | ||
|---|---|---|---|
| 999 |
_c3875 _d234379 |
||
| 080 | _a342.38.2 D 88 | ||
| 100 | _aDuhalde, Jorge E. | ||
| 245 |
_aLa Segunda Repùblica _bSiglo XX: Orìgen de las grandes Guerras Mundiales |
||
| 260 | _c2002 | ||
| 300 | _a54 P. | ||
| 650 | _xderecho polìiico | ||
| 650 | _xguerra mundial | ||
| 650 | _xparlamentarismo | ||
| 650 | _xglobalizacion | ||
| 650 | _xderechos humanos | ||
| 942 | _6_ | ||
| 945 |
_acd _d2015-05-12 |
||